000 01600cam a22004214i 4500
003 PE-LiUPU
005 20250731175621.0
008 150623s r 000 0 d
020 _a9653500031
035 _a(Sirsi) i9789653500037
040 _aPE-LiUPU
_bspa
_cPE-LiUPU
_erda
049 _aPRUA
082 0 4 _a492.2
_bT81
_221
245 0 0 _aTextbook of aramaic documents from ancient Egypt /
_cBezalel Porten, Ada Yardeni.
264 1 _aWinona lake, IN :
_bEisenbrauns,
_c1989.
300 _a191 páginas :
_bilustraciones facsíms. ;
_c34 centímetros
336 _atext
_2rdacontent
337 _aunmediated
_2rdamedia
338 _avolume
_2rdacarrier
500 _aTexts and studies for students.
504 _aIncluye bibliografía.
505 0 _aThe Bauer-Meissner Land Lease. -The Mibtahiah Archive. -The Anani Archive. -Deeds of obligation. -Conveyances. -Marriage Documents. -Judicial Oaths. -Court Records.
526 _aP145
526 _aP127
526 _aP97
526 _aP35
526 _aP14
526 _aP07
650 0 4 _aArameo
_vTextos.
650 0 4 _aManuscritos arameos
_zEgipto
_vFacsímiles.
651 _aEgipto
_xAntigüedades.
_93131
942 _2ddc
_cBOOK
949 _a492.2 T81
_wDEWEY
_c1
_i43874
_lCCODEBUL1
_mBUL
_r0
_sY
_tBOOK
_u2015-6-24
_xTEOLOGIA
_PP35
_0COMPRA
_o.STAFF. Colección General
994 _aC0
_bPEPRU
596 _a1
999 _a492.2 T81
_wDEWEY
_c20278
_i43874
_f2021-11-12
_g5
_lCCODEBUL1
_mBUL
_r0
_sY
_tBOOK
_u2015-6-24
_xTEOLOGIA
_PP35
_0COMPRA
_o.STAFF. Colección General
_d20278
980 _81
_gALBERTO SANCHEZ Responsable de Automatización